טוען...

Gambler /

מידע ביבליוגרפי
מחבר ראשי: Dostoevsky, Fydor
פורמט: Printed Book
שפה:English
יצא לאור: Univ. of Chicago, 1972.
LEADER 00450nam a2200133Ia 4500
008 150624b xxu||||| |||| 00| 0 eng d
082 |a 891.733D1 
100 |a Dostoevsky, Fydor 
245 |a Gambler /  |c Fydor Dostoevsky 
260 |b Univ. of Chicago,  |c 1972. 
300 |a 366 p. 
942 |c BK 
999 |c 14111  |d 14111 
952 |0 0  |1 0  |4 0  |6 891_000000000000000_733D1_GAM  |7 0  |9 14110  |a UL  |b UL  |c ST1  |d 1998-09-01  |l 2  |o 891.733D1 GAM  |p 21470  |r 2020-03-11  |s 2020-03-06  |w 2012-10-27  |y BK